Possibilities for pre-emergence weedkillers in immature rubber (Record no. 65323)

MARC details
000 -LEADER
fixed length control field 00480nam a2200157Ia 4500
100 ## - MAIN ENTRY--AUTHOR NAME
Personal name Wrigley G
245 #0 - TITLE STATEMENT
Title Possibilities for pre-emergence weedkillers in immature rubber
260 ## - PUBLICATION, DISTRIBUTION, ETC. (IMPRINT)
Name of publisher Proceedings of the Natural Rubber Research Conference, Kuala Lumpur, 1960; p290-296
650 ## - SUBJECT ADDED ENTRY--TOPICAL TERM
Topical Term Immature rubber
650 ## - SUBJECT ADDED ENTRY--TOPICAL TERM
Topical Term Weed control
700 ## - ADDED ENTRY--PERSONAL NAME
Personal name Chilwell E D
700 ## - ADDED ENTRY--PERSONAL NAME
Personal name Fletcher M A
700 ## - ADDED ENTRY--PERSONAL NAME
Personal name Pfeiffer R K
942 ## - ADDED ENTRY ELEMENTS (KOHA)
Koha item type Journals
Holdings
Withdrawn status Lost status Damaged status Not for loan Home library Current library Shelving location Date acquired Koha item type
      Journals RRII Library RRII Library Soils and agonomy 17/12/2021 Journals